A Prímás Pince kínálatának elemzése

Bibliográfiai részletek
Szerző: Jámbor Gábor
További közreműködők: Gancsovné Rossi Krisztina
Dokumentumtípus: Projektmunka
Kulcsszavak:bor
boralagút
étterem
italok
kínálat
Online Access:http://dolgozattar.uni-bge.hu/60198

MARC

LEADER 00000nnm a2200000 i 4500
001 dolg60198
005 20260409150127.0
008 260409suuuu hu o 000 hun d
040 |a BGE Dolgozattár Repozitórium  |b hun 
041 |a hu 
100 1 |a Jámbor Gábor 
245 1 2 |a A Prímás Pince kínálatának elemzése  |c Jámbor Gábor  |h [elektronikus dokumentum] 
516 |a Project_work 
520 3 |a A szakmai gyakorlatomat a Prímás Pince étteremben töltöttem, felszolgálóként. Ezen a helyen rendkívül sokat tanulhattam a vendéglátásról és sokat fejlődhettem is ezen a területen. Szakdolgozatomban a Prímás Pince kínálatát elemeztem, valamint kérdőívet is készítettem, amiben az embereknek a borfogyasztási szokásaira kérdeztem rá az éttermekben. A szakdolgozatomban szót ejtettem az étterem itallapjáról, valamint étlapjáról és belső felépítéséről is. Továbbá mélyebben elemeztem az általam elkészített kérdőívet is amire összesen 108 válasz érkezett. Végül köszönettel tartozom az étterem munkatársainak hiszen rengeteget tanultam tőlük és remélem, hogy ezeket a tapasztalatokat a későbbiekben is használni tudom 
695 |a bor 
695 |a boralagút 
695 |a étterem 
695 |a italok 
695 |a kínálat 
700 1 |a Gancsovné Rossi Krisztina  |e ths 
856 4 0 |u http://dolgozattar.uni-bge.hu/60198/1/J%C3%A1mbor%20G%C3%A1bor%20Projektmunka%202025%20k%C3%A9sz.pdf  |z Dokumentum-elérés 
856 4 0 |u http://dolgozattar.uni-bge.hu/60198/2/J%C3%A1mbor%20G%C3%A1bor%20B%C3%ADr%C3%A1lat_FOSZK_2025.pdf  |z Dokumentum-elérés